000 00389nam a22001697a 4500
003 MPLRDC
005 20220104163825.0
008 210129b ||||| |||| 00| 0 eng d
020 _a0-330-23453-6
082 _a870.57 SIE
100 _aBENJAMIN SIEGEL
245 _aDOCTORS AND WIVES
_c
260 _a
_bPAN BOOKS LTD
_c1970
300 _b
650 _a
942 _cBK
_o870.57 SIE
999 _c56656
_d56646